[Event "St Petersburg op"]
[Site "St Petersburg"]
[Date "1994.??.??"]
[Round "5"]
[White "Poluljahov, Aleksandr"]
[Black "Avrukh, Boris"]
[Result "0-1"]
[WhiteElo "2510"]
[BlackElo "2425"]
[Annotator "Knaak,R"]
[PlyCount "38"]
[EventDate "1994.02.??"]
[EventType "swiss"]
[EventRounds "9"]
[EventCountry "RUS"]
[SourceTitle "CBM 041"]
[Source "ChessBase"]
[SourceDate "1994.08.01"]
[SourceVersion "1"]
[SourceVersionDate "1994.08.01"]
[SourceQuality "1"]

1. d4 Nf6 2. c4 g6 3. Nc3 Bg7 4. e4 d6 5. Bg5 h6 6. Bh4 c5 7. d5 e5 (7... e6 $1
) 8. dxe6 (8. f3 $1) 8... Bxe6 9. f4 $6 (9. Bd3 Nc6 10. Nge2 g5 11. Bg3 Qd7 12.
O-O O-O-O 13. f4 gxf4 14. Nxf4 h5 15. Bh4 Rdg8 $13 {ECO/Stahlberg-Penrose/
Leipzig ol/1960/}) 9... Nc6 10. Nf3 (10. Bd3 g5 11. fxg5 Ng4 12. Nf3 Nd4 13.
Qd2 Nxf3+ 14. gxf3 Ne5 15. Be2 Nxc4 $13 {ECO/Bobozov-Langeweg/Zevenaar/1961/})
10... Qa5 11. Nd2 (11. Qd2 Nd4 12. Nxd4 cxd4 13. Qxd4 Nh5 14. Qd2 Nxf4 15. Bg3
g5 $17) (11. Bd3 Nh5 12. Qd2 Nxf4 13. Qxf4 Bxc3+ 14. bxc3 Qxc3+ 15. Ke2 g5 $19)
11... Ng4 12. Qf3 $6 (12. Nb5 O-O $17) (12. Rc1 Ne3 13. Qf3 Nxf1 14. Qxf1 O-O
$17) 12... g5 13. Bg3 Nd4 14. Qd3 b5 $1 15. cxb5 (15. Nxb5 Nxb5 16. cxb5 Bxb2
17. Rb1 c4 $1 18. Qxd6 c3 19. Qc6+ Kf8 20. Qxa8+ Kg7 21. Qc6 cxd2+ 22. Ke2 Rc8
$19) 15... c4 $19 16. Nxc4 (16. Qb1 Ne3 17. Kf2 Ndc2 18. f5 Qb6 (18... Nd1+ $5
19. Nxd1 Qxd2+ 20. Kg1 $17) 19. fxe6 fxe6 $19) 16... Bxc4 17. Qxc4 Ne3 18. Qd3
Nec2+ 19. Kd1 Nxa1 0-1

[Event "EU-chT (Men) 11th"]
[Site "Pula"]
[Date "1997.05.??"]
[Round "7.1"]
[White "Azmaiparashvili, Zurab"]
[Black "Ehlvest, Jaan"]
[Result "1-0"]
[WhiteElo "2650"]
[BlackElo "2635"]
[Annotator "Hazai,L"]
[PlyCount "41"]
[EventDate "1997.05.05"]
[EventType "team-swiss"]
[EventRounds "9"]
[EventCountry "CRO"]
[SourceTitle "CBM 057 Extra"]
[Source "ChessBase"]
[SourceDate "1997.05.01"]
[SourceVersion "1"]
[SourceVersionDate "1997.05.01"]
[SourceQuality "1"]
[WhiteTeam "Georgia"]
[BlackTeam "Estonia"]
[WhiteTeamCountry "GEO"]
[BlackTeamCountry "EST"]

1. d4 Nf6 2. c4 g6 3. Nc3 Bg7 4. e4 d6 5. Bd3 c5 (5... O-O {is more flexible.})
6. d5 e6 7. h3 Na6 8. Nf3 Nc7 9. Bg5 h6 10. Be3 exd5 (10... O-O 11. O-O Re8 12.
Qd2 $14 {with more flexible position is the main line here these days.}) 11.
exd5 b5 $2 {[#]} (11... O-O {has to be played}) 12. Qd2 $1 {Now Black has
serious problems with his castles kingside.} (12. cxb5 Bb7 13. Bc4 O-O 14. O-O
Nd7 {gave some compensation for the P because of the vulnerable d5P.}) 12...
bxc4 13. Bxc4 g5 14. h4 $1 g4 15. Ng1 Nd7 16. Nge2 Ne5 17. b3 Rb8 18. Ng3 {
Black's kingside is a whole bunch of weaknesses now.} Bf6 (18... Nxc4 19. bxc4
Rb4 (19... Qf6 20. Nge4 $18) (19... Ba6 20. Nf5 $18) 20. O-O $1 Rxc4 (20...
Qxh4 21. Bf4 $18) 21. Qe2 $1) 19. Rc1 Bxh4 {desperation} 20. Nce4 Bxg3 $2 {[#]}
(20... Be7 21. Rxh6 Rxh6 22. Bxh6 $16) 21. Bg5 $1 {zwischenzug} 1-0

[Event "Bad Homburg"]
[Site "Bad Homburg"]
[Date "1997.??.??"]
[Round "8"]
[White "Alterman, Boris"]
[Black "Sutovsky, Emil"]
[Result "1-0"]
[WhiteElo "2615"]
[BlackElo "2590"]
[Annotator "Hazai,L"]
[PlyCount "61"]
[EventDate "1997.07.26"]
[EventType "tourn"]
[EventRounds "9"]
[EventCountry "GER"]
[EventCategory "14"]
[SourceTitle "CBM 060"]
[Source "ChessBase"]
[SourceDate "1997.09.29"]
[SourceVersion "1"]
[SourceVersionDate "1997.09.29"]
[SourceQuality "1"]

1. d4 Nf6 2. c4 g6 3. Nc3 Bg7 4. e4 d6 5. Bg5 h6 6. Bh4 O-O 7. f4 {This
agressive setup is not popular these days.} c5 $1 {When the B leaves the
diagonal c1-h6 this move gains strength.} 8. d5 Qa5 (8... b5 $1 {The Benko
gambit is a good choice here, because the B on h4 is out of play, and White
can't find time for the breakthrough in the centre with e4-e5.} 9. cxb5 a6 10.
bxa6 Qa5 11. Qd2 Bxa6 12. Bxa6 Nxa6 13. Nf3 Rfb8 14. O-O c4 $44 {
Martens-Westerinen, Lidkoping 1969}) 9. Qd2 e6 10. Nf3 (10. dxe6 Bxe6 11. Nf3 {
deseves attention}) 10... Re8 $2 (10... exd5 11. Bxf6 (11. cxd5 Re8 12. Bd3 b5
$132) (11. exd5 Re8+ 12. Be2 Ng4) 11... Bxf6 12. Nxd5 Qxd2+ $1 (12... Qd8 13.
Nxf6+ Qxf6 14. O-O-O) 13. Kxd2 Bd8 14. Bd3 Nc6 $11 {and this structure is not
bad for Black because of the weak d3 B and he can also insert some pressure on
the dark squares in the long run.}) 11. dxe6 $1 (11. O-O-O exd5 12. Bxf6 Bxf6
13. Nxd5 Qxd2+ 14. Rxd2 Bd8 15. Bd3 Nc6) 11... Bxe6 12. Bd3 Nc6 13. O-O Bg4 14.
Rae1 $146 (14. h3 Bxf3 15. Rxf3 Nd4 16. Rff1 a6 17. Rae1 Rf8 18. f5 g5 19. Bg3
Rad8 20. h4 g4 21. Bf4 Kh7 22. Bg5 Nc6 23. Rd1 Rd7 {Ermenkov,E-Martinovic,S/
Groningen op 1988/EXT 88op/1/2-1/2 (76)}) 14... Nd4 {[#]} (14... Nd7 $5) 15.
Kh1 $1 {/\ Ng1, h3} Bxf3 16. gxf3 {White gets a stong initiative on the
kingside because of the threat of f4-f5 opening up the g line, while h7-h6
weakened Black's pawn structure. The N is nice on d4, but where is a
counterplay?} Nh5 $6 (16... Kh7) (16... Nd7 17. Qg2) 17. f5 $1 Kh7 (17... gxf5
$2 18. exf5) (17... g5 $2 18. Bxg5 $1 hxg5 19. Qxg5 Nf6 20. Rg1 $18) 18. fxg6+
fxg6 19. f4 $1 $16 Qc7 20. Nd5 Qf7 21. Qg2 Re6 22. f5 $1 {White has an
inferior attack} Re5 23. fxg6+ Qxg6 24. Qxg6+ Kxg6 25. Rg1+ Kh7 26. Ref1 Ne6
27. Rf7 Ng5 28. Bxg5 hxg5 29. Be2 $18 Rh8 30. Bxh5 Kg8 31. Bg6 (31. Bg6 Rh6 32.
Rxg7+ Kxg7 33. Bf5 $18) (31. Nf4 $1 Rxh5 32. Rxg7+ Kxg7 33. Nxh5+) 1-0

[Event "Julian Borowski 1st"]
[Site "Essen"]
[Date "1999.03.27"]
[Round "1"]
[White "Bischoff, Klaus"]
[Black "Milov, Vadim"]
[Result "1-0"]
[WhiteElo "2520"]
[BlackElo "2630"]
[Annotator "Hazai,L"]
[PlyCount "73"]
[EventDate "1999.03.??"]
[EventType "tourn"]
[EventRounds "9"]
[EventCountry "GER"]
[EventCategory "14"]
[SourceTitle "CBM 071"]
[Source "ChessBase"]
[SourceDate "1999.08.01"]
[SourceVersion "1"]
[SourceVersionDate "1999.08.01"]
[SourceQuality "1"]

1. d4 Nf6 2. c4 g6 3. Nc3 Bg7 4. e4 d6 5. Bd3 Nc6 {Black attacks the somewhat
weakened >< d4 immediately.} (5... O-O 6. Nge2 c5 7. d5 e6 8. O-O exd5 9. cxd5
{leads to the Penrose line of the Benoni.} (9. exd5)) 6. Nge2 (6. d5 Ne5 $1 (
6... Nd4 7. Nge2 Bg4 8. f3 Bxf3 {is a romantic, but unsound idea.} 9. gxf3
Nxf3+ 10. Kf2 Ne5 11. Nf4 c6 12. Kg2 O-O 13. Rf1 $16 {Szabo-Sallay, Hungary-ch
1961}) 7. Be2 c6 {Black has to undermine White's strong [+].} 8. Nf3 (8. f4
Ned7 9. Nf3 {looks more agressive.}) 8... Ned7 9. Be3 O-O 10. h3 Nc5 11. Qc2 (
11. Nd2) 11... Bd7 12. O-O (12. Bxc5 $6 {giving up the strong B cannot be good.
} dxc5 13. g4 $6 (13. e5 $2 Bf5) (13. O-O) 13... Bc8 {vacating the square for
the N, in order to put pressure on the dark squares.} 14. Rd1 Nd7 15. Kf1 Qc7
16. Kg2 Ne5 17. Nxe5 Bxe5 $13 {Ramseier-V.Milov, Stadtcasino op 1998})) 6...
Nd7 (6... e5 7. d5 Nd4 8. Bg5 (8. Nxd4 exd4 9. Ne2 O-O (9... Nd7 10. f4 c5 11.
O-O {White has blockaded the d o^ succesfully, and he can mobilize his pawns
on the >>.} b5 $5 12. b3 $1 {White wants to keep the position closed on the <<.
} (12. cxb5 {gives chances for Black to find counterplay on the <<} a6 13. bxa6
Bxa6 14. b3 Bxd3 15. Qxd3 O-O 16. Ng3 Re8 17. Rf2 Ra7 $44 {Bisguier-Karklins,
Chikago 1994}) 12... O-O 13. Bd2 bxc4 14. bxc4 Re8 15. Ng3 h5 16. e5 $1 {
This is the typical breakthrough in the [+].} dxe5 17. f5 $1 {The P on e5
restricts the activity of the black pieces.} e4 18. fxg6 fxg6 19. Nxe4 Ne5 20.
Bg5 Qc7 21. Nf6+ Bxf6 22. Rxf6 $18 {Soln-Gelban, EU-chJM Siofok 1996}) 10. Bg5
h6 11. Bh4 g5 (11... Re8 12. f3 c5 13. dxc6 bxc6 14. Nxd4 Qb6 15. Ne2 d5 16.
cxd5 cxd5 $44 {Miles-Mortensen, Esbjerg 1984}) 12. Bg3 c5 13. O-O Nh5 $11 {
blockading the dark squares, Smyslov-Zueger, Gelsenkirchen 1991}) 8... c6 $1 {
defending >< b5, although it is not easy to understand this at first sight.} (
8... h6 $6 9. Bxf6 $1 Qxf6 (9... Bxf6 10. Nxd4 exd4 11. Ne2 c6 12. O-O $14 {
and White can mobilize his pawns on the >> again.}) 10. Nb5 $1 {This is the
problem!} (10. Nxd4 exd4 11. Ne2 h5 12. O-O O-O 13. Qb3 (13. f4 Bg4 $11 {
playing for ^-.}) 13... c6 14. Rae1 Qd8 $13 {Christiansen-Yermolinsky, USA-ch
1996}) 10... Qd8 (10... Nxb5 11. cxb5 Bd7 12. Rc1 Rc8 13. O-O h5 14. Rc3 Bh6
15. Qa4 a6 16. Qa5 $16) (10... Nxe2 11. Nxc7+ Kd8 12. Nxa8 Nf4 13. Bf1 b6 14.
a4 $1 $16) 11. Nbxd4 exd4 12. O-O $14) 9. O-O h6 {Here this idea is more
effective.} 10. Bxf6 Qxf6 11. Nxd4 exd4 12. Ne2 O-O $11 {Yermolinsky}) 7. Be3
e5 8. d5 Nd4 9. Nb5 Nxe2 $6 {Now Black has lost the advantage of his
centralized N.} (9... Nxb5 $1 {corruptes somehow White's << P formation,
although there is a pressure on the c <->.} 10. cxb5 O-O 11. Rc1 $5 (11. O-O {
allows Black the standard -> on the >> against the K.} f5 12. f3 (12. exf5 gxf5
13. f4 e4 14. Bc4 Bxb2 15. Rb1 Bg7 16. Nd4 Nf6 $17) 12... f4 13. Bf2 Nf6 14.
Rc1 g5 15. Rc3 g4 16. Kh1 {(Illescas-Romero Holmes, Leon 1993)} (16. Qc2 gxf3
17. gxf3 Bh3 $40) 16... h5 $1 17. Bh4 Qd7 $1 18. Qc2 Ne8 19. Rc1 Bf6 20. Bxf6
$1 Rxf6 21. Rxc7 Nxc7 22. Qxc7 Qxc7 23. Rxc7 Rf7 24. Rc3 $1 $15 {Illescas}))
10. Qxe2 $1 (10. Bxe2 O-O 11. O-O a5 (11... Nc5 12. f3 (12. Nc3 {retreats
without a fight.} a5 13. Qd2 b6 14. Rae1 Bd7 15. Bd1 f5 16. exf5 gxf5 17. f4 e4
18. Bd4 Bxd4+ 19. Qxd4 Qf6 $11 {Bischoff-Hug, Altensteig, 1994}) 12... a5 13.
Qc2 f5 14. exf5 Bxf5 (14... gxf5 15. f4 $14) 15. Qd2 b6 {(Marin-V.Spasov,
Budapest zt 1993)} 16. Rac1 $1 Rf7 17. b3 Qf8 18. Bd1 Nd3 $2 19. g4 Nxc1 20.
gxf5 Nxb3 21. axb3 gxf5 22. f4 $16) (11... f5 12. f3 a6 13. Nc3 a5 (13... Qe7
14. b4 Nf6 15. Qd2 f4 16. Bf2 g5 17. Kh1 Kh8 18. Rfc1 g4 19. Bh4 gxf3 20. Bxf3
$14 {and Black's hopes for an -> are not real at all, Dumitrache-V.Spasov,
Varna 1994}) 14. a3 b6 15. b4 Nf6 16. c5 axb4 17. axb4 Rxa1 18. Qxa1 bxc5 19.
bxc5 fxe4 20. fxe4 Ng4 $14 {Glek-A.Kuzmin, Moscow 1991}) 12. Qc2 $14) 10... a6
11. Nc3 O-O 12. O-O-O $1 {The position requires from White energetic play.} (
12. O-O f5 $1) 12... b5 $2 {This P sacrifice is not sound.} (12... f5 13. exf5
gxf5 14. g4 $1 $16 {is a typical Samish position with better chances for White.
}) (12... Nc5 13. Bc2 a5 14. g4 $16 {depriving Black from f7-f5.}) 13. cxb5 Nc5
$5 (13... axb5 14. Bxb5 $16) 14. Bxc5 dxc5 15. Kb1 $16 {The black ^^ is not
dangerous for the white K.} Qd6 $1 {activating the Q on the b <->.} 16. Rc1
axb5 17. Nxb5 Qb6 18. Qe3 Ba6 19. a4 $5 (19. Rxc5 $4 Bh6 $1 $19) (19. Qxc5 Qa5
$1 (19... Bxb5 20. Bxb5 Qa5 21. a4 $18) 20. b4 (20. Qxc7 $4 Bxb5) 20... Qa4)
19... Qa5 20. b3 {building up the rock-solid defence.} Rfb8 21. Rxc5 $2 {
This allows the penetration of the black Q.} (21. Qxc5 Bxb5 (21... Qd2 22. Qc2
$18) 22. Bxb5 Bf8 23. Qc4 $16 (23. Qxc7 $4 Rxb5 $1 $19)) 21... Qb4 $1 22. Kb2 {
[#]} Bh6 $5 ({missing} 22... Bf8 $1 23. Rc4 (23. Rxc7 $2 Bxb5 24. Bxb5 Qa3+ 25.
Kc2 (25. Kb1 Rxb5 $19) 25... Qa2+ 26. Kd3 (26. Kc3 $2 Rxb5 $1 27. axb5 Qa5+ $19
) 26... Rxb5 $1 27. axb5 Qxb3+ 28. Rc3 Qxb5+ $19) 23... Qa5 24. Qe1 Bxb5 25.
Qxa5 Rxa5 26. axb5 Raxb5 27. Bc2 $14) 23. Qxh6 Qxc5 24. Qe3 (24. Qd2 $2 Bxb5
25. Bxb5 Rxb5 26. axb5 Qd4+ 27. Qc3 Ra2+ $19) 24... Qb4 $6 {avoiding the
exchange of the queens.} (24... Qxe3 {was more persistant, although after} 25.
fxe3 Bxb5 26. Bxb5 Kf8 27. Rc1 Ra7 28. Bc6 Ke7 29. Ka3 Kd6 30. Rf1 Rf8 31. b4
$16 {White retains the better perspectives.}) 25. Rc1 Qa5 (25... Bxb5 26. Bxb5
Rxb5 $2 27. axb5 (27. Rc4 Qa5) 27... Qa3+ 28. Kc2 Qa2+ 29. Kd1 $18) 26. Qe1 Qb6
$2 ({again the exhange of the queens was more resilient.} 26... Qxe1 27. Rxe1
Bxb5 28. Bxb5 $16) 27. Rc6 Qb7 28. Qc3 $18 Bxb5 29. Bxb5 Qa7 (29... Rc8 30.
Qxe5) 30. Qc5 Rb6 31. Rxc7 Qa5 32. Rc8+ (32. b4 $4 Rxb5) 32... Rxc8 33. Qxc8+
Kg7 34. Qc3 Qa7 35. f4 $1 Rf6 36. fxe5 Rf2+ 37. Ka3 1-0

[Event "RUS-ch KO"]
[Site "Moscow"]
[Date "1999.12.20"]
[Round "3.2"]
[White "Ibragimov, Ildar"]
[Black "Shchekachev, Andrei"]
[Result "1-0"]
[WhiteElo "2554"]
[BlackElo "2505"]
[Annotator "Hazai,L"]
[PlyCount "75"]
[EventDate "1999.12.04"]
[EventType "k.o."]
[EventRounds "6"]
[EventCountry "RUS"]
[SourceTitle "CBM 075"]
[Source "ChessBase"]
[SourceDate "2000.04.05"]
[SourceVersion "1"]
[SourceVersionDate "2000.04.05"]
[SourceQuality "1"]

1. d4 Nf6 2. c4 g6 3. Nc3 Bg7 4. e4 d6 5. Bg5 h6 $1 (5... O-O {allows} 6. Qd2 {
occupying the /^ c1-h6}) 6. Be3 (6. Bf4 {runs into the typical central
counterblow} Nc6 7. d5 e5 $1 {and after} 8. Be3 {Black has a choice between}
Ne7 ({and} 8... Nd4 9. Nge2 (9. Bxd4 exd4 10. Qxd4 O-O $44 {gives sufficient
counterplay for Black due to his strong B on the long /^.}) 9... c5 (9... Ng4
10. Bxd4 exd4 11. Nxd4 $14) 10. dxc6 Nxc6 11. f3 $14 {with a somewhat weakened
backward P on the d <->.}) 9. f3 Nh5 10. Qd2 f5 {Now we have a Samish type of
position.} 11. Bd3 c5 (11... f4 $6 {closes the centre and gives White free
hand on the <<.} 12. Bf2 O-O 13. c5 $16) 12. dxc6 bxc6 {Black has to fight for
the [+].} (12... Nxc6 $6 13. Nge2 Be6 14. O-O-O $16) 13. Nge2 Nf6 14. O-O-O Be6
15. Bc2 d5 $1 $13 {Cebalo-Bukic, Yugoslavia (ch) 1981}) (6. Bh4 {Here the B is
a bit out of play, because the c1-h6 /^ is the best one for him.} O-O 7. Be2 (
7. Bd3 e5 $13 (7... c5 $13) (7... Nc6 $13)) 7... c5 8. d5 $13 {- E74, where
the B on h4 is not well-placed.}) 6... Ng4 7. Bc1 e5 8. d5 (8. dxe5 {is not
dangerous because of} Nxe5 $1 $13 (8... dxe5 {however may secure White some
small advantage after} 9. Qxd8+ Kxd8 10. h3 $14)) 8... f5 (8... O-O $143 9. f3
Nf6 10. Be3 $14 {/\ Qd2 because in a Samish type of position White has created
a weakness on h6.}) 9. Be2 (9. exf5 gxf5 10. h3 Nf6 11. g4 Na6 ({accepting the
P sac after} 11... fxg4 12. Qd3 $1 O-O 13. hxg4 {is +/- according to Rajkovic,
but after} Nxg4 14. f3 e4 15. Nxe4 Bf5 16. Be2 Na6 {things are far from clear!}
) 12. gxf5 Bxf5 {Black has a strong control over the vital >< e4.} 13. Nge2 (
13. Bd3 Qd7 $1 $13) 13... Qd7 $1 14. Ng3 Bg6 15. Bd3 (15. h4 $5 Nb4 $1 16. Bh3
Nc2+ 17. Kf1 Qf7 $1 18. Be6 Qf8 $13) 15... e4 $1 {This is the typical
positional P sacrifice here in order to open up the long /^ and the e <->.} 16.
Ngxe4 Nxe4 17. Nxe4 Bxe4 $1 18. Bxe4 O-O-O $44 {and the white K is not safe at
all in the middle, Rajkovic-M.Markovic, Nis 1998.}) (9. f3 Nf6 10. Be3 Na6 {
is a good version of the Samish for Black, because he played f7-f5 without
losing tempi with his N.} 11. Bd3 (11. Qd2 fxe4 12. fxe4 Ng4 {gaining the
important B.}) 11... O-O 12. Nge2 Nc5 13. exf5 Nxd3+ 14. Qxd3 gxf5 $13 {
Press-Aronin, Moscow 1959}) 9... Nf6 10. exf5 gxf5 (10... Bxf5 11. g4 $14 {
and White will control the important >< e4 and the b1-h7 /^.}) 11. Bh5+ {
This looks best.} (11. f4 $143 {allows} O-O {and the K is in safety.} 12. Nf3
Ne4 $1 13. fxe5 Nxc3 14. bxc3 dxe5 15. Ba3 $5 (15. O-O $2 {(T.Petrosian-Torre,
Tilburg 1982)} c5 $1 $17) 15... Re8 16. O-O Na6 $13) (11. Nf3 O-O $13) 11...
Nxh5 (11... Kf8 12. Be2 ({or} 12. f4 c5 {Black wants to control the vital ><
d4 after e5-e4.} (12... e4 13. Be2 Na6 {- 12.Be2} (13... c6 14. Nh3 {/\ 0-0}))
(12... Nxh5 13. Qxh5 {- 11...Nxh5}) (12... Na6 13. Be2 {- 12.Be2} (13. Nh3 Nxh5
14. Qxh5 Qe8 (14... e4))) 13. Nh3 e4 14. O-O Na6 $13) 12... c5 (12... Na6 13.
f4 {and White wants to force Black to play e5-e4, after which he has good
blockading squares on d4 and e3.} e4 14. Be3 c5 15. dxc6 {White wants to
create additional weaknesses on the <<.} (15. Nh3 Nc7 16. a4 ({or} 16. Nf2 h5 {
against g4}) 16... Na6 $13 {and the position remains pretty closed.}) 15...
bxc6 16. Nh3 d5 (16... Be6 17. Qa4 $16) 17. Qa4 $14) 13. f4 (13. dxc6 Nxc6) (
13. Nf3 $5 {/\ Nh4,f4}) 13... e4) 12. Qxh5+ Kf8 13. f4 {This is the logical
continuation.} (13. Nge2 {was less clear and led to a complicated middlegame:}
Qe8 14. Ng3 (14. Qxe8+ Kxe8 15. f4 Na6 16. O-O Bd7) 14... Na6 15. O-O Bd7 16.
b4 Kg8 17. Rb1 Kh7 18. Nb5 Rf8 19. Qxe8 Raxe8 20. Nxa7 Ba4 21. Bd2 Bc2 22. Rbc1
Bd3 23. Rfe1 e4 $44 {1/2-1/2 I.Sokolov-Ivanchuk, Linares 1995}) 13... e4 (13...
Na6 {is the other idea to keep the [+] open.} 14. Nge2 (14. Nf3 e4 15. Nh4 Qe8
16. Qxe8+ Kxe8 {and Black has nothing to fear.}) 14... Qe8 15. Qh3 {Since the
K is in the middle, White has to avoid the exchange of Q.} (15. Qxe8+ Kxe8 16.
Be3 (16. fxe5 dxe5 $13) 16... e4 17. Bd4 Rg8 18. O-O Bd7 $132 {/\ Nc5-d3})
15... h5 16. O-O $14) (13... Qe8 14. Qh3 (14. Qxe8+ Kxe8 15. Nge2 Na6 {- 13...
Na6}) 14... Na6 15. Nge2 {- 13...Na6}) 14. Nge2 (14. Be3 {is met by} Na6 {>< d3
}) 14... Qe8 (14... Na6 15. O-O (15. Be3 Nb4) 15... Nb4 16. g4 $36) 15. Qh3 (
15. Qxe8+ {is again not dangerous for Black.} Kxe8 16. Be3 Na6 {- 13...Na6})
15... Na6 16. O-O Qg6 (16... Nb4 {/\ Nd3 deserves attention} 17. Be3 (17. Nb5
Qf7) 17... Nd3 18. Rab1 c5 19. dxc6 bxc6 $13) 17. Be3 Rg8 18. Bd4 Qg4 $2 {
This exchange of queens ruins Black's P structure.} (18... Nb4 $1 $13) 19. Qxg4
Bxd4+ 20. Nxd4 Rxg4 21. Nd1 {/\ Ne3 with good knights versus the bad B.} Rg6
22. Ne3 Rf6 23. g4 $1 {This is a positional P sacrifice in order to open up
the position for the better developed pieces.} fxg4 24. f5 h5 25. h3 $1 {
White wants to penetrate on the g <->.} gxh3 26. Kh2 Bd7 (26... Nc5 27. Kxh3
$44 (27. Ne6+ {is not so clear after} Bxe6 28. fxe6 Kg7 29. Nf5+ Kh7)) 27. Ne6+
Kf7 28. Rg1 Rg8 29. Rxg8 Kxg8 30. Rg1+ Kh8 31. Kxh3 Nb4 32. Kh4 Nd3 33. Kxh5
Rf7 34. Kg5 Nf2 $2 {This loses only a vital tempo.} 35. Rf1 $18 Nd3 36. Rh1+
Rh7 (36... Kg8 37. Ng4 Bxe6 38. dxe6 Rg7+ 39. Kf6 Rxg4 40. e7 $18) 37. Rxh7+
Kxh7 38. Nf8+ 1-0